THE HEART OF A LEADER (Record no. 62295)

000 -LEADER
fixed length control field 00451nam a22001817a 4500
003 - CONTROL NUMBER IDENTIFIER
control field MPLRDC
005 - DATE AND TIME OF LATEST TRANSACTION
control field 20220104183212.0
008 - FIXED-LENGTH DATA ELEMENTS--GENERAL INFORMATION
fixed length control field 210129b ||||| |||| 00| 0 eng d
020 ## - INTERNATIONAL STANDARD BOOK NUMBER
International Standard Book Number 983-3830-49-8
082 ## - DEWEY DECIMAL CLASSIFICATION NUMBER
Classification number 490.8 BLA
100 ## - MAIN ENTRY--PERSONAL NAME
Personal name KEN BLANCHARD
245 ## - TITLE STATEMENT
Title THE HEART OF A LEADER
Statement of responsibility, etc.
250 ## - EDITION STATEMENT
Edition statement 初版
260 ## - PUBLICATION, DISTRIBUTION, ETC.
Place of publication, distribution, etc. 马来西亚
Name of publisher, distributor, etc. ADVANTAGE QUEST PUBLICATIONS
Date of publication, distribution, etc. 2008
300 ## - PHYSICAL DESCRIPTION
Other physical details
650 ## - SUBJECT ADDED ENTRY--TOPICAL TERM
Topical term or geographic name entry element 商学总论
942 ## - ADDED ENTRY ELEMENTS (KOHA)
Koha item type Book
-- 490.8 BLA
Holdings
Withdrawn status Lost status Source of classification or shelving scheme Damaged status Not for loan Collection code Home library Current library Shelving location Date acquired Cost, normal purchase price Total Checkouts Total Renewals Full call number Barcode Date last seen Date last checked out Price effective from Koha item type Public note
            Malaysian Public Library, Research and Development Centre Malaysian Public Library, Research and Development Centre   15/05/2009 17.90   1 490.8 BLA E0004813 18/03/2021 30/06/2017 18/03/2021 Book mplrdc

© 2022. Malaysian Public Library, Research and Development Centre. All Right ReservedE-mailmplrdc@help.edu.my 

Powered by Koha